LEADER 01115nam a2200277 u 4500 001 000000038340 003 CaOOAMICUS 005 20070226113851.0 008 980422s1971 it u000 u ita u 035 $a10791698 040 $aPUL(R)$bita 100 1 $aGiarda, Angelo.$0(OLS)http://pul/name/28637 245 13$aLa persona offesa dal reato nel processo penale /$cAngelo Giarda. 260 $aMilano :$bA. Giuffrè,$c1971. 300 $a416 p. ;$c25 cm 490 1 $aStudi di diritto processuale penale ;$v29 500 $aContiene indici. 504 $aBibliografia in nota. 650 4$aProcedura penale.$0(OLS)http://pul/subject/9185 830 0$aStudi di diritto processuale penale ;$v29.$0(OLS)http://pul/title/52092 850 $aPUL 852 $aPUL$W1$xSL Diritto e Scienze Sociali 1$y4$m178 E 55$j52255$nBK-PRI$b $qStampati$B52255$CPULBib$Z2$F52255 $H $81 941 1 $a8 961 $aINV: 50408. 996 $6245$aLa persona offesa dal reato nel processo penale$9(OLS)http://pul/title/52091 996 $6260$aMilano :$bA. Giuffrè$9(OLS)http://pul/publisher/48096 LEADER 01424nam a2200313 u 4500 001 000000049647 003 CaOOAMICUS 005 20070226115132.0 008 000706s2000 it u000 u ita u 020 $a8816405279 035 $a10851795 040 $aPUL$bita 100 1 $aGiani, Mauro,$d1950-$0(OLS)http://pul/name/35871 245 13$aUn ponte tra cultura europea e cultura indiana :$bl'itinerario di Jules Monchanin (1895-1957) /$cMauro Giani ; prefazione di Michel Delahoutre. 260 $aMilano :$bJaca Book,$cc2000. 300 $a164 p. ;$c23 cm 490 1 $aDi fronte e attraverso.$aReligioni ;$v527 500 $aContiene indici e fonti. 504 $a"Bibliografia": p. 155-164. 600 14$aMonchanin, Jules,$csac.,$d1895-1957.$0(OLS)http://pul/subject/20876 700 1 $aDelahoutre, Michel.$0(OLS)http://pul/name/2078 830 0$aDi fronte e attraverso.$pReligioni ;$v527.$0(OLS)http://pul/title/7479 850 $aPUL 852 $aPUL$W1$xDP1 Cons. Gen., Altre Classi 1$y22$m780 A 176$j65932$nBK-PRI$b $qStampati$B65932$CPULBib$Z2$F65932 $H $81 941 1 $a8 961 $aINV: 82361 996 $6020$a8816405279$9(OLS)http://pul/number/62772 996 $6245$aUn ponte tra cultura europea e cultura indiana :$bl'itinerario di Jules Monchanin (1895-1957)$9(OLS)http://pul/title/66925 996 $6260$aMilano :$bJaca Book$9(OLS)http://pul/publisher/47900